| 000 | 00653 a2200181 4500 | ||
|---|---|---|---|
| 003 | Nust | ||
| 005 | 20170207153207.0 | ||
| 040 | _cNust | ||
| 082 | _a005.1 | ||
| 100 | _aMahmud, Umar (MSCS-11) | ||
| 245 |
_aContext aware paradigm for pervasive computing environment (CAPP) _cUmar Mahmud |
||
| 260 |
_bMCS,NUST _c2006 _aRawalpindi |
||
| 300 | _aix, 90, p.; | ||
| 505 | _aIntroduction (page-1) Context and context awareness (page-6) System design (page-18) Context interpreter (page-40) Desision making module (page-52) Evaluation and analysis (page-59) Epitome (page-83) | ||
| 538 | _aAlmirah No 73 Shelf No 2 | ||
| 650 | _aPG Thesis | ||
| 651 | _aMSCS-11 | ||
| 942 | _cTHS | ||
| 999 |
_c181238 _d181238 |
||